[Event "I Festival A"]
[Site "Salsomaggiore Terme ITA"]
[Date "1997.05.??"]
[Round "2"]
[White "Vezzosi, Paolo"]
[Black "Komljenovic, Davorin"]
[Result "0-1"]
[WhiteElo "2290"]
[BlackElo "2460"]
[PlyCount "100"]
[EventDate "1997.05.15"]

1. d4 Nf6 2. Nf3 c5 3. d5 g6 4. c4 Bg7 5. Nc3 d6 6. e4 O-O 7. h3 e6 8. Bd3 Na6
9. O-O Nc7 10. Re1 e5 11. Rb1 Nh5 12. b4 cxb4 13. Rxb4 Na6 14. Rb1 Nc5 15. Bc2
b6 16. Na4 Nb7 17. Bg5 Qc7 18. Nd2 Na5 19. Nc3 Ba6 20. Nb5 Bxb5 21. cxb5 Nf4
22. Nb3 Nxb3 23. Bxb3 Rac8 24. Qd2 Qc5 25. Bxf4 exf4 26. Qxf4 Be5 27. Qh4 f5
28. Rbd1 f4 29. Qg4 Kg7 30. Qe2 Rf7 31. Rd2 Qb4 32. Red1 Rc3 33. f3 Rfc7 34.
Kh2 R7c5 35. Qe1 Qxb5 36. Qh4 Rc7 37. Qd8 R3c5 38. Rb1 Qd7 39. Qxd7+ Rxd7 40.
Ba4 Rb7 41. Bc6 Rb8 42. Kg1 b5 43. Kf2 Kh6 44. h4 Rb6 45. Rb3 Kh5 46. Ra3 a6
47. Rb3 Kxh4 48. Rb1 Kg5 49. Ke2 h5 50. Be8 Kh4 0-1

[Event "I Festival A"]
[Site "Salsomaggiore Terme ITA"]
[Date "1997.05.??"]
[Round "2"]
[White "Vignato, Giovanni"]
[Black "Sciortino, Massimo"]
[Result "0-1"]
[WhiteElo "2120"]
[BlackElo "1984"]
[PlyCount "76"]
[EventDate "1997.05.15"]

1. e4 d6 2. d4 Nf6 3. Nc3 g6 4. Nf3 Bg7 5. Be2 O-O 6. O-O Bg4 7. h3 Bxf3 8.
Bxf3 Nc6 9. Be3 Nd7 10. Qd2 Nb6 11. b3 e5 12. Ne2 Nd7 13. g3 Re8 14. Bg2 exd4
15. Nxd4 Nf6 16. Nxc6 bxc6 17. e5 Nd5 18. Bxd5 cxd5 19. Qxd5 Rxe5 20. Qg2 Rxe3
21. fxe3 Bxa1 22. Rxa1 Qe8 23. Qf3 Rb8 24. Rd1 Qe6 25. g4 Re8 26. Rd3 Qe5 27.
a4 Qc5 28. Qf2 Qg5 29. Rc3 Re7 30. Kg2 h5 31. Qf4 Qd5+ 32. Kg3 Qd2 33. Qd4 Qe1+
34. Kf4 Qf1+ 35. Kg5 Re5+ 36. Kh6 Qf6 37. Qxe5 dxe5 38. gxh5 g5# 0-1

[Event "I Festival A"]
[Site "Salsomaggiore Terme ITA"]
[Date "1997.05.??"]
[Round "2"]
[White "Vujovic, Milorad"]
[Black "Qendro, Llambi"]
[Result "0-1"]
[WhiteElo "2255"]
[BlackElo "2335"]
[PlyCount "34"]
[EventDate "1997.05.15"]

1. e4 g6 2. d4 Bg7 3. Nf3 c6 4. h3 d5 5. Nc3 Nf6 6. Bd3 dxe4 7. Nxe4 Nxe4 8.
Bxe4 Nd7 9. O-O O-O 10. Re1 c5 11. c3 Nf6 12. Bc2 cxd4 13. Nxd4 a6 14. Bg5 Re8
15. Bb3 Qa5 16. Qd2 e5 17. Nf3 Bf5 0-1

[Event "I Festival A"]
[Site "Salsomaggiore Terme ITA"]
[Date "1997.05.??"]
[Round "3"]
[White "Amovilli, Mauro"]
[Black "Griffa, Roberto"]
[Result "1/2-1/2"]
[WhiteElo "2275"]
[BlackElo "1917"]
[PlyCount "67"]
[EventDate "1997.05.15"]

1. e4 d5 2. exd5 Qxd5 3. Nc3 Qa5 4. d4 e5 5. dxe5 Nc6 6. Qd5 Bb4 7. Qxa5 Bxa5
8. Bd2 Bf5 9. O-O-O O-O-O 10. Nf3 Nge7 11. Bc4 Ng6 12. Rhe1 Bg4 13. Bxf7 Bxf3
14. gxf3 Ncxe5 15. Be6+ Kb8 16. Bd5 Rxd5 17. Nxd5 Bxd2+ 18. Rxd2 Nxf3 19. Rde2
Nxe1 20. Rxe1 c6 21. Ne7 Nf4 22. Nf5 g6 23. Re4 Nh3 24. Nd4 Nxf2 25. Re7 g5 26.
Ne6 h6 27. Nc5 Rd8 28. Rxb7+ Ka8 29. b4 Rd1+ 30. Kb2 Rh1 31. a4 a5 32. bxa5 Ne4
33. Rb6 Nxc5 34. Rxc6 1/2-1/2

[Event "I Festival A"]
[Site "Salsomaggiore Terme ITA"]
[Date "1997.05.??"]
[Round "3"]
[White "Bonugli, Carlo"]
[Black "Berra, Davide"]
[Result "0-1"]
[WhiteElo "2075"]
[BlackElo "1986"]
[PlyCount "130"]
[EventDate "1997.05.15"]

1. e4 e6 2. d4 d5 3. e5 c5 4. c3 Nc6 5. Nf3 Qb6 6. a3 c4 7. Be2 Bd7 8. O-O Na5
9. Nbd2 Ne7 10. Rb1 Nec6 11. b3 cxb3 12. Nxb3 Nxb3 13. Rxb3 Qc7 14. Qc2 Na5 15.
Rb1 Be7 16. Bg5 f6 17. exf6 gxf6 18. Bh4 O-O-O 19. Bg3 Bd6 20. Rfc1 Kb8 21. Qa2
Ka8 22. Nd2 Bxg3 23. hxg3 h5 24. c4 dxc4 25. Nxc4 Nxc4 26. Bf3 Bc6 27. Qxc4 Rd6
28. Rb5 Qd7 29. Bxc6 Rxc6 30. Rc5 Rxc5 31. Qxc5 Kb8 32. Rc4 Rc8 33. Qb4 Rxc4
34. Qxc4 b6 35. Qb4 Kb7 36. f4 a5 37. Qc3 Qd5 38. Kh2 Ka6 39. Qd3+ b5 40. a4
Qc4 41. axb5+ Qxb5 42. Qg6 Qd5 43. Qxf6 a4 44. Qf8 Kb5 45. Qb8+ Kc4 46. Qc7+
Kb3 47. Qb6+ Ka2 48. Qb4 a3 49. Qd2+ Kb3 50. Qd3+ Ka4 51. Qa6+ Kb4 52. Qb6+ Kc3
53. Qc7+ Qc4 54. Qa5+ Qb4 55. Qc7+ Qc4 56. Qa5+ Kb3 57. Qb6+ Kc2 58. d5 Qxd5
59. Qf2+ Kb3 60. Qe3+ Kb4 61. Qe1+ Ka4 62. Qc1 a2 63. Qc2+ Kb5 64. Qb2+ Kc6 65.
Qa3 Qc4 0-1

[Event "I Festival A"]
[Site "Salsomaggiore Terme ITA"]
[Date "1997.05.??"]
[Round "3"]
[White "De Val, Daniele"]
[Black "Vignato, Giovanni"]
[Result "0-1"]
[WhiteElo "1885"]
[BlackElo "2120"]
[PlyCount "76"]
[EventDate "1997.05.15"]

1. c4 e6 2. Nc3 d5 3. e3 Nf6 4. Nf3 c6 5. b3 Bd6 6. d4 O-O 7. Be2 Nbd7 8. O-O
Qe7 9. cxd5 exd5 10. Qc2 Re8 11. Bb2 Nf8 12. Rae1 Bg4 13. Nd2 Ng6 14. e4 Bxe2
15. Rxe2 Nf4 16. Ree1 dxe4 17. Ndxe4 Nxe4 18. Nxe4 f5 19. Qc4+ Nd5 20. Nxd6
Qxe1 21. Nxe8 Rxe8 22. Rxe1 Rxe1+ 23. Qf1 Rxf1+ 24. Kxf1 Kf7 25. g3 g6 26. Ke2
Ke6 27. f3 Nb4 28. a3 Na6 29. Ke3 Nc7 30. Kd3 Kd5 31. h4 Ne6 32. Ke3 f4+ 33.
gxf4 Ng7 34. Kf2 Nf5 35. h5 gxh5 36. Kg2 Nxd4 37. b4 Nf5 38. Kh2 Kc4 0-1

[Event "I Festival A"]
[Site "Salsomaggiore Terme ITA"]
[Date "1997.05.??"]
[Round "3"]
[White "Ljubisavljevic, Zivojin Z."]
[Black "Digiugno, Franco"]
[Result "1-0"]
[WhiteElo "2275"]
[BlackElo "2053"]
[PlyCount "121"]
[EventDate "1997.05.15"]

1. e4 c6 2. d4 d6 3. f4 g6 4. Nf3 Bg7 5. c3 Bg4 6. h3 Bxf3 7. Qxf3 d5 8. Nd2
dxe4 9. Nxe4 Qd5 10. Bd3 Nd7 11. O-O Ngf6 12. Be3 Nxe4 13. Bxe4 Qb5 14. d5 Nf6
15. dxc6 Nxe4 16. Qxe4 Qxc6 17. Qxc6+ bxc6 18. Rad1 Bf6 19. Bd4 Bxd4+ 20. Rxd4
O-O 21. Rd7 Rfb8 22. b3 Kf8 23. Rfd1 a5 24. Rc7 Rc8 25. Rdd7 Rxc7 26. Rxc7 Ra6
27. Kf2 Ke8 28. Ke3 Kd8 29. Rb7 h5 30. Kd4 c5+ 31. Kxc5 Rf6 32. a4 Rxf4 33. b4
Rf5+ 34. Kb6 axb4 35. cxb4 Rf6+ 36. Kc5 Rf5+ 37. Kd4 e5+ 38. Kd5 Kc8 39. Re7
Rf4 40. Kc5 e4 41. a5 Rf5+ 42. Kd4 Rg5 43. a6 Kb8 44. Rxf7 e3 45. Kxe3 Rxg2 46.
Kd4 g5 47. Kc5 Re2 48. Rg7 Re5+ 49. Kb6 Re6+ 50. Ka5 g4 51. hxg4 hxg4 52. Rg5
Ka7 53. b5 Re8 54. Rxg4 Rf8 55. Rg7+ Kb8 56. Rg6 Ka8 57. Kb6 Rb8+ 58. Kc6 Rc8+
59. Kd7 Rb8 60. b6 Rf8 61. Re6 1-0

[Event "I Festival A"]
[Site "Salsomaggiore Terme ITA"]
[Date "1997.05.??"]
[Round "3"]
[White "Nurkic, Sahbaz"]
[Black "Mrdja, Milan"]
[Result "0-1"]
[WhiteElo "2395"]
[BlackElo "2425"]
[PlyCount "34"]
[EventDate "1997.05.15"]

1. e4 c5 2. b4 cxb4 3. d4 e6 4. Nf3 d5 5. e5 Nc6 6. a3 bxa3 7. c3 Bd7 8. Bd3
Nge7 9. O-O Nc8 10. Ng5 Be7 11. Qg4 h6 12. Nh7 g6 13. Bxg6 Rg8 14. Bxf7+ Kxf7
15. Qh5+ Rg6 16. Bxh6 Qg8 17. Be3 Ke8 0-1

[Event "I Festival A"]
[Site "Salsomaggiore Terme ITA"]
[Date "1997.05.??"]
[Round "3"]
[White "Pangrazzi, Marco"]
[Black "Doleschal, Johannes"]
[Result "1-0"]
[WhiteElo "2250"]
[BlackElo "2035"]
[PlyCount "37"]
[EventDate "1997.05.15"]

1. e4 e5 2. f4 exf4 3. Bc4 Nf6 4. Nc3 c6 5. Qf3 b5 6. Bxb5 Qc7 7. Ba4 Bb4 8.
Nge2 O-O 9. O-O d5 10. exd5 cxd5 11. d4 Bg4 12. Nxd5 Bxf3 13. Nxc7 Bxe2 14. Rf2
Na6 15. Nxa8 Bc4 16. Bc6 Rc8 17. Bb7 Rb8 18. Bxa6 Bxa6 19. Nc7 1-0

[Event "I Festival A"]
[Site "Salsomaggiore Terme ITA"]
[Date "1997.05.??"]
[Round "3"]
[White "Qendro, Llambi"]
[Black "Caposciutti, Maurizio"]
[Result "1/2-1/2"]
[WhiteElo "2335"]
[BlackElo "2300"]
[PlyCount "79"]
[EventDate "1997.05.15"]

1. d4 Nf6 2. c4 a6 3. Nc3 c5 4. d5 b5 5. Qc2 b4 6. Ne4 Nxe4 7. Qxe4 d6 8. Qc2
Nd7 9. Nf3 g6 10. g3 Bg7 11. Bg2 O-O 12. O-O a5 13. a4 Rb8 14. Nd2 Qb6 15. Nb3
Ba6 16. f4 Qc7 17. Bd2 Nb6 18. Nxa5 Nxd5 19. Bxd5 Qxa5 20. Bc6 Qc7 21. Bb5 Bb7
22. a5 Ra8 23. a6 Bc6 24. f5 Qb6 25. Bxc6 Qxc6 26. fxg6 hxg6 27. Bg5 Rxa6 28.
Rxa6 Qxa6 29. b3 Qb7 30. h4 Ra8 31. g4 Bd4+ 32. e3 Be5 33. h5 gxh5 34. gxh5 Qd7
35. Qe4 Ra2 36. Rxf7 Ra1+ 37. Kg2 Ra2+ 38. Kg1 Ra1+ 39. Kg2 Ra2+ 40. Kg1
1/2-1/2

[Event "I Festival A"]
[Site "Salsomaggiore Terme ITA"]
[Date "1997.05.??"]
[Round "3"]
[White "Sciortino, Massimo"]
[Black "Salami, Marco"]
[Result "1-0"]
[WhiteElo "1984"]
[BlackElo "2220"]
[PlyCount "77"]
[EventDate "1997.05.15"]

1. d4 f5 2. g3 Nf6 3. Bg2 d6 4. Nf3 g6 5. O-O Bg7 6. Nc3 O-O 7. Qd3 c6 8. e4
Nxe4 9. Nxe4 fxe4 10. Qxe4 Bf5 11. Qh4 Nd7 12. Bg5 Nf6 13. c4 Qc7 14. Rfe1 Rae8
15. Bf4 Nh5 16. Bd2 Nf6 17. Rad1 e5 18. dxe5 dxe5 19. Bb4 c5 20. Bc3 e4 21. Ng5
h6 22. Bxf6 Bxf6 23. Qxh6 Bxb2 24. Nxe4 Qg7 25. Qh4 Bd4 26. Ng5 Rxe1+ 27. Rxe1
Bxf2+ 28. Kh1 Bxe1 29. Bd5+ Rf7 30. Nxf7 Ba5 31. Ng5+ Kf8 32. Nh7+ Ke8 33. Nf6+
Kf8 34. Qg5 Bd8 35. Nh7+ Ke8 36. Qe3+ Qe7 37. Nf6+ Kf8 38. Qh6+ Qg7 39. Nh7+
1-0

[Event "I Festival A"]
[Site "Salsomaggiore Terme ITA"]
[Date "1997.05.??"]
[Round "3"]
[White "Scotti, Umberto"]
[Black "Vujovic, Milorad"]
[Result "0-1"]
[WhiteElo "2130"]
[BlackElo "2255"]
[PlyCount "152"]
[EventDate "1997.05.15"]

1. e4 c5 2. c3 d6 3. d4 Nf6 4. Bd3 Nc6 5. Nf3 g6 6. O-O Bg7 7. d5 Nb8 8. Bg5
Bg4 9. Nbd2 h6 10. Bf4 g5 11. Be3 Nbd7 12. a4 Bh5 13. Nc4 b6 14. Re1 a6 15. Bd2
O-O 16. Ne3 Ne5 17. Be2 Nxe4 18. Nxe5 Bxe2 19. Qxe2 dxe5 20. Nf5 Nxd2 21. Qxd2
f6 22. Red1 Qd7 23. Qd3 Rfd8 24. Qf3 e6 25. dxe6 Qxe6 26. Nxg7 Kxg7 27. Qb7+
Kg6 28. h3 a5 29. Rab1 Rab8 30. Qe4+ Qf5 31. Qc6 h5 32. Rbc1 Qf4 33. g3 Rxd1+
34. Rxd1 Qf5 35. Kg2 g4 36. h4 Rc8 37. Qb7 Rc7 38. Qxc7 Qf3+ 39. Kg1 Qxd1+ 40.
Kg2 Qd5+ 41. Kg1 Qe6 42. Qd8 e4 43. Kg2 Qc4 44. Qe8+ Kg7 45. Qe7+ Qf7 46. Qxe4
Qd7 47. Qa8 Qe6 48. Qb7+ Kg6 49. Qa8 f5 50. Qd8 Qf6 51. Qg8+ Kh6 52. Qd5 Kh7
53. f4 Kg7 54. Kf2 Kg6 55. Qd7 Qf8 56. Qe6+ Qf6 57. Qe8+ Kh6 58. Qg8 Qg6 59.
Qxg6+ Kxg6 60. Ke3 Kf6 61. Kd3 Ke6 62. Ke3 Kf6 63. Kd3 Ke6 64. Kc4 Kd6 65. Kb5
Kd5 66. Kxb6 Ke4 67. Kxa5 Kf3 68. Kb6 Kxg3 69. a5 Kxh4 70. a6 g3 71. a7 g2 72.
a8=Q g1=Q 73. Qf3 Qg3 74. Qh1+ Kg4 75. Kxc5 h4 76. Qd1+ Qf3 0-1

[Event "I Festival A"]
[Site "Salsomaggiore Terme ITA"]
[Date "1997.05.??"]
[Round "4"]
[White "Berra, Davide"]
[Black "Oppici, Gabriele"]
[Result "1-0"]
[WhiteElo "1986"]
[BlackElo "2005"]
[PlyCount "61"]
[EventDate "1997.05.15"]

1. d4 Nc6 2. Nf3 d6 3. e4 Nf6 4. Nc3 Bg4 5. Be3 e6 6. h3 Bh5 7. g4 Bg6 8. d5
exd5 9. exd5 Ne5 10. Nxe5 dxe5 11. Bg5 a6 12. Bg2 Qd6 13. Qe2 Be7 14. O-O-O
Nxd5 15. Nxd5 Bxg5+ 16. f4 c6 17. Ne3 Qxd1+ 18. Nxd1 Bxf4+ 19. Kb1 O-O-O 20.
Ne3 Rd7 21. Nc4 Kc7 22. Be4 Bxe4 23. Qxe4 Rd4 24. Qe2 b5 25. Na5 Rhd8 26. a3
Rd2 27. Qe4 R8d4 28. Qxh7 Re2 29. Qxg7 Rdd2 30. Qxf7+ Kb6 31. Qb7+ 1-0

[Event "I Festival A"]
[Site "Salsomaggiore Terme ITA"]
[Date "1997.05.??"]
[Round "4"]
[White "Digiugno, Franco"]
[Black "Amovilli, Mauro"]
[Result "1/2-1/2"]
[WhiteElo "2053"]
[BlackElo "2275"]
[PlyCount "46"]
[EventDate "1997.05.15"]

1. d4 d5 2. Nf3 e6 3. Bf4 Bd6 4. Bxd6 Qxd6 5. c3 Nd7 6. Nbd2 e5 7. dxe5 Nxe5 8.
Nxe5 Qxe5 9. Nf3 Qd6 10. Qb3 Nf6 11. e3 O-O 12. c4 Be6 13. Be2 Qc5 14. Qb5 Qxb5
15. cxb5 Ne4 16. O-O c5 17. bxc6 bxc6 18. b4 a5 19. a3 axb4 20. axb4 Rab8 21.
Nd4 Rxb4 22. Nxc6 Rb2 23. Nd4 g6 1/2-1/2

[Event "I Festival A"]
[Site "Salsomaggiore Terme ITA"]
[Date "1997.05.??"]
[Round "4"]
[White "Doleschal, Johannes"]
[Black "Scotti, Umberto"]
[Result "0-1"]
[WhiteElo "2035"]
[BlackElo "2130"]
[PlyCount "68"]
[EventDate "1997.05.15"]

1. e4 e6 2. d4 d5 3. Nd2 Nf6 4. e5 Nfd7 5. Bd3 c5 6. c3 Nc6 7. Ne2 cxd4 8. cxd4
f6 9. exf6 Nxf6 10. Nf3 Bd6 11. O-O Qc7 12. Nc3 a6 13. Re1 O-O 14. Bg5 Bd7 15.
Bh4 Rae8 16. Bg3 Bxg3 17. hxg3 Kh8 18. Rc1 Qd6 19. Bb1 e5 20. Nxe5 Nxe5 21.
dxe5 Rxe5 22. Qd4 Rfe8 23. Red1 Ng4 24. f3 Nf6 25. Kf2 Rf8 26. Re1 Ng4+ 27. Kg1
Rxe1+ 28. Rxe1 Qxg3 29. Re7 Nh2 30. Qc5 Nxf3+ 31. Kf1 Nd4+ 32. Kg1 Nf3+ 33. Kf1
Nh2+ 34. Kg1 Rf1# 0-1

[Event "I Festival A"]
[Site "Salsomaggiore Terme ITA"]
[Date "1997.05.??"]
[Round "4"]
[White "Formanek, Edward W."]
[Black "Pangrazzi, Marco"]
[Result "0-1"]
[WhiteElo "2335"]
[BlackElo "2250"]
[PlyCount "144"]
[EventDate "1997.05.15"]

1. d4 Nf6 2. c4 e5 3. dxe5 Ng4 4. Qd4 d6 5. exd6 Nc6 6. Qd2 Bxd6 7. Nf3 Be6 8.
e3 Qf6 9. Nc3 O-O-O 10. Ne4 Qf5 11. Nxd6+ Rxd6 12. Qc3 Rhd8 13. Be2 Nce5 14.
O-O Nxf3+ 15. Bxf3 Ne5 16. Be2 Bxc4 17. e4 Qxe4 18. Bxc4 Qxc4 19. Qxc4 Nxc4 20.
b3 Nb6 21. Re1 Rd1 22. Kf1 Rxe1+ 23. Kxe1 Nd5 24. Bd2 Re8+ 25. Kd1 Re4 26. f3
Re6 27. Rc1 Ne3+ 28. Bxe3 Rxe3 29. Rc4 Re6 30. Rf4 f6 31. Rh4 h6 32. Rg4 g5 33.
Ra4 a6 34. Rc4 Kd7 35. Kd2 Rd6+ 36. Ke2 Rd5 37. h4 b5 38. Rc1 c5 39. hxg5 hxg5
40. Rh1 Kc6 41. f4 gxf4 42. Rh4 Rg5 43. Kf2 Rf5 44. Kf3 c4 45. bxc4 bxc4 46.
Ke4 Rd5 47. Rxf4 f5+ 48. Ke3 Kc5 49. g4 Rd3+ 50. Ke2 fxg4 51. Rxg4 Ra3 52. Kd2
Rxa2+ 53. Kc3 Ra3+ 54. Kb2 Rb3+ 55. Ka2 Rb5 56. Ka3 Ra5+ 57. Kb2 Kb4 58. Rh4
Rf5 59. Rh2 Rf4 60. Kc2 a5 61. Kb2 a4 62. Rg2 Rd4 63. Kc2 c3 64. Rg8 Rd2+ 65.
Kc1 a3 66. Rb8+ Kc4 67. Rc8+ Kb3 68. Rb8+ Kc4 69. Rc8+ Kd3 70. Rd8+ Ke2 71.
Re8+ Kf1 72. Rf8+ Rf2 0-1

[Event "I Festival A"]
[Site "Salsomaggiore Terme ITA"]
[Date "1997.05.??"]
[Round "4"]
[White "Griffa, Roberto"]
[Black "Everet, Alexandro"]
[Result "0-1"]
[WhiteElo "1917"]
[BlackElo "2135"]
[PlyCount "92"]
[EventDate "1997.05.15"]

1. d4 d5 2. Nf3 g6 3. Bg5 Bg7 4. e3 Bf5 5. c4 c6 6. Nc3 Nf6 7. Qb3 Nbd7 8. cxd5
cxd5 9. Bxf6 Nxf6 10. Bb5+ Bd7 11. Bxd7+ Qxd7 12. Ne5 Qd6 13. Qb5+ Kf8 14. Qxb7
Rb8 15. Qxa7 Rxb2 16. O-O Bh6 17. Rab1 Rxb1 18. Rxb1 Kg7 19. Rb6 Qd8 20. Rb7
Re8 21. h3 Bg5 22. Nf3 Bh6 23. a4 Qc8 24. Rc7 Qe6 25. Ne5 Bg5 26. Qb7 Qf5 27.
Nf3 h6 28. Nxg5 hxg5 29. Rxe7 Rxe7 30. Qxe7 Qc2 31. Qc5 g4 32. a5 gxh3 33. gxh3
Qf5 34. Qd6 Qxh3 35. Qe5 Qg4+ 36. Kf1 Qc8 37. Ne2 Qa6 38. Qc7 Qd3 39. Ke1 Ng4
40. Qc3 Qf5 41. f4 Qh5 42. a6 Qh1+ 43. Kd2 Nf2 44. Qc2 Ne4+ 45. Kd3 Qe1 46. Qa2
Qd1+ 0-1

[Event "I Festival A"]
[Site "Salsomaggiore Terme ITA"]
[Date "1997.05.??"]
[Round "4"]
[White "Jurkovic, Ante"]
[Black "Sciortino, Massimo"]
[Result "1-0"]
[WhiteElo "2320"]
[BlackElo "1984"]
[PlyCount "71"]
[EventDate "1997.05.15"]

1. e4 d6 2. d4 Nf6 3. Nc3 g6 4. Be3 c6 5. Qd2 b5 6. f3 Bg7 7. a4 b4 8. Nd1 a5
9. Bd3 Qc7 10. Ne2 Nbd7 11. Bh6 Bxh6 12. Qxh6 c5 13. Ne3 Bb7 14. O-O Nb6 15.
Bb5+ Nbd7 16. c3 Ba6 17. Bxa6 Rxa6 18. Kh1 Ra8 19. Ng3 Rb8 20. f4 bxc3 21. bxc3
cxd4 22. cxd4 Qc3 23. Rfe1 Qxd4 24. Rad1 Qxa4 25. e5 dxe5 26. fxe5 Ng4 27. Nxg4
Qxg4 28. Rd5 a4 29. Red1 a3 30. h3 Qxg3 31. Qg7 Rf8 32. Rxd7 Qg5 33. Ra7 h5 34.
Rxa3 f6 35. e6 f5 36. Qe5 1-0

[Event "I Festival A"]
[Site "Salsomaggiore Terme ITA"]
[Date "1997.05.??"]
[Round "4"]
[White "Mrdja, Milan"]
[Black "Komljenovic, Davorin"]
[Result "1/2-1/2"]
[WhiteElo "2425"]
[BlackElo "2460"]
[PlyCount "54"]
[EventDate "1997.05.15"]

1. e4 c5 2. Nf3 d6 3. d4 cxd4 4. Nxd4 Nf6 5. Nc3 g6 6. g3 Nc6 7. Nde2 b6 8. Bg2
Ba6 9. O-O Bg7 10. Re1 O-O 11. h3 Rc8 12. Bg5 h6 13. Be3 Kh7 14. Qd2 Qc7 15.
Rac1 e6 16. Nd4 Nxd4 17. Bxd4 Rfd8 18. a4 Bb7 19. f4 Bc6 20. Rcd1 e5 21. Bf2 a6
22. Re2 b5 23. axb5 axb5 24. Nd5 Nxd5 25. exd5 Bd7 26. c3 Re8 27. Ree1 Ra8
1/2-1/2

[Event "I Festival A"]
[Site "Salsomaggiore Terme ITA"]
[Date "1997.05.??"]
[Round "4"]
[White "Salami, Marco"]
[Black "Nurkic, Sahbaz"]
[Result "0-1"]
[WhiteElo "2220"]
[BlackElo "2395"]
[PlyCount "95"]
[EventDate "1997.05.15"]

1. e4 g6 2. d3 Bg7 3. g3 d5 4. Nd2 e5 5. Bg2 Ne7 6. Ngf3 O-O 7. O-O dxe4 8.
dxe4 h6 9. Re1 Be6 10. Qe2 c5 11. Nc4 Nbc6 12. c3 Qc7 13. Ne3 Rad8 14. Nh4 Rd7
15. f4 exf4 16. gxf4 Qxf4 17. Nef5 Qc7 18. Nxh6+ Kh7 19. Ng4 Rh8 20. Bg5 Bxg4
21. Qxg4 Ne5 22. Qg3 Nd3 23. Qxc7 Rxc7 24. Re2 Nc6 25. Rd1 Nce5 26. Nf3 Nxf3+
27. Bxf3 c4 28. Red2 Bh6 29. Bxh6 Kxh6 30. Be2 Ne5 31. Rf1 Kg7 32. Rd5 Re7 33.
Rd4 b5 34. Rd5 a6 35. Rd6 Rh4 36. Rd4 Nd7 37. Bf3 Nc5 38. Rd6 Re6 39. Rxe6 fxe6
40. e5 Nd3 41. Bb7 Rg4+ 42. Kh1 a5 43. Bc8 Re4 44. a4 bxa4 45. Bxe6 Nxb2 46.
Ra1 Rxe5 47. Bd7 Re3 48. Bxa4 0-1

[Event "I Festival A"]
[Site "Salsomaggiore Terme ITA"]
[Date "1997.05.??"]
[Round "4"]
[White "Vujovic, Milorad"]
[Black "Ljubisavljevic, Zivojin Z."]
[Result "1-0"]
[WhiteElo "2255"]
[BlackElo "2275"]
[PlyCount "43"]
[EventDate "1997.05.15"]

1. e4 c5 2. Nf3 e6 3. Nc3 a6 4. a4 Nc6 5. g3 Nf6 6. d4 cxd4 7. Nxd4 Bc5 8. Be3
Qb6 9. b3 Qa7 10. Ncb5 axb5 11. Nxb5 Bxe3 12. Nxa7 Bxa7 13. Bg2 O-O 14. c4 d5
15. cxd5 exd5 16. O-O Be6 17. Qe2 Rad8 18. b4 b5 19. axb5 Nb8 20. h3 Rfe8 21.
Qc2 Rc8 22. Rfe1 1-0

[Event "I Festival A"]
[Site "Salsomaggiore Terme ITA"]
[Date "1997.05.??"]
[Round "5"]
[White "Everet, Alexandro"]
[Black "Scotti, Umberto"]
[Result "1-0"]
[WhiteElo "2135"]
[BlackElo "2130"]
[PlyCount "95"]
[EventDate "1997.05.15"]

1. d4 d5 2. c4 c6 3. Nc3 Nf6 4. Bf4 e6 5. e3 Qa5 6. Bd3 Nbd7 7. Nge2 Be7 8. O-O
O-O 9. a3 Qd8 10. Rc1 dxc4 11. Bxc4 Nb6 12. Bd3 Nbd5 13. Qc2 Nxf4 14. Nxf4 Bd6
15. Nce2 Qe7 16. g3 e5 17. dxe5 Bxe5 18. Rfd1 Bg4 19. Rd2 Bf3 20. Bf5 Rad8 21.
Nd3 Bb8 22. Nd4 Be4 23. Bxe4 Nxe4 24. Re2 Rfe8 25. Ree1 g6 26. b4 Rd5 27. Red1
Rh5 28. Nf3 Qf6 29. Nf4 Bxf4 30. exf4 a5 31. Re1 Nd6 32. Rxe8+ Nxe8 33. Re1 Qd8
34. Ne5 axb4 35. axb4 Nc7 36. Rd1 Nd5 37. b5 Qf6 38. bxc6 bxc6 39. Qxc6 Qxc6
40. Nxc6 Nc3 41. Rd8+ Kg7 42. Ne5 f6 43. Rd7+ Kg8 44. Ng4 Ne4 45. f3 f5 46.
fxe4 fxg4 47. Rd5 Rh3 48. Rg5 1-0

[Event "I Festival A"]
[Site "Salsomaggiore Terme ITA"]
[Date "1997.05.??"]
[Round "5"]
[White "Iotti, Pierluigi"]
[Black "Berra, Davide"]
[Result "1-0"]
[WhiteElo "2290"]
[BlackElo "1986"]
[PlyCount "95"]
[EventDate "1997.05.15"]

1. d4 e6 2. c4 f5 3. g3 Nf6 4. Bg2 Be7 5. Nf3 d6 6. O-O O-O 7. Nc3 Qe8 8. Re1
Qg6 9. e4 fxe4 10. Nxe4 Nxe4 11. Rxe4 e5 12. Qe2 Bf5 13. Nh4 Bxh4 14. Rxh4 Nc6
15. dxe5 dxe5 16. Be3 Bd3 17. Bd5+ Kh8 18. Qh5 Qxh5 19. Rxh5 Rf5 20. Rxf5 Bxf5
21. b3 a5 22. Bd2 Bd7 23. Re1 a4 24. b4 Re8 25. Bc3 Nd4 26. Bxd4 exd4 27. Rxe8+
Bxe8 28. Bxb7 a3 29. b5 Kg8 30. Kf1 Kf8 31. Ke2 Bg6 32. Bd5 Ke7 33. c5 Bc2 34.
Kd2 Bf5 35. f3 h6 36. g4 Bg6 37. h4 Bb1 38. f4 Bh7 39. f5 h5 40. f6+ gxf6 41.
gxh5 Bf5 42. h6 Bh7 43. h5 Ke8 44. Bc4 Ke7 45. Bd3 f5 46. Kc2 Ke6 47. Kb3 Kd5
48. Kb4 1-0

[Event "I Festival A"]
[Site "Salsomaggiore Terme ITA"]
[Date "1997.05.??"]
[Round "5"]
[White "Komljenovic, Davorin"]
[Black "Caposciutti, Maurizio"]
[Result "1/2-1/2"]
[WhiteElo "2460"]
[BlackElo "2300"]
[PlyCount "65"]
[EventDate "1997.05.15"]

1. Nf3 d6 2. d4 Nf6 3. c4 c6 4. Nc3 Nbd7 5. e4 e5 6. Be2 Be7 7. O-O O-O 8. Re1
a6 9. a3 b5 10. b4 Bb7 11. dxe5 Nxe5 12. Nxe5 dxe5 13. c5 Bc8 14. Bb2 Be6 15.
Qc2 Qc7 16. Nb1 Nd7 17. Nd2 a5 18. Qc3 f6 19. Bd1 a4 20. Bc2 Rfd8 21. Nf1 Nf8
22. Ne3 g6 23. h3 Rd7 24. Rad1 Rad8 25. Rxd7 Qxd7 26. Rd1 Qe8 27. Rxd8 Qxd8 28.
Qd3 Qxd3 29. Bxd3 Bb3 30. g3 Ne6 31. Kf1 Kf7 32. Ke2 Bf8 33. Bc2 1/2-1/2

[Event "I Festival A"]
[Site "Salsomaggiore Terme ITA"]
[Date "1997.05.??"]
[Round "5"]
[White "Nurkic, Sahbaz"]
[Black "Formanek, Edward W."]
[Result "1-0"]
[WhiteElo "2395"]
[BlackElo "2335"]
[PlyCount "69"]
[EventDate "1997.05.15"]

1. e4 e6 2. d4 d5 3. Nd2 Nf6 4. e5 Nfd7 5. Bd3 c5 6. c3 Nc6 7. Ne2 Qb6 8. O-O
cxd4 9. cxd4 Nxd4 10. Nxd4 Qxd4 11. Nf3 Qb6 12. Qa4 Qb4 13. Qc2 Qc5 14. Qe2 Qb6
15. Qc2 Qc5 16. Qb1 h6 17. Be3 Qa5 18. Rc1 Be7 19. a3 Qd8 20. Bh7 Bg5 21. Bxg5
hxg5 22. h3 g4 23. hxg4 Nxe5 24. Nxe5 Qh4 25. Rc3 Qxh7 26. Qxh7 Rxh7 27. Rac1
Bd7 28. Rc7 Bc6 29. Nxf7 Kf8 30. Ne5 d4 31. Rd1 Rd8 32. f4 Rd5 33. Kf2 d3 34.
Kg3 Ba4 35. Rd2 1-0

[Event "I Festival A"]
[Site "Salsomaggiore Terme ITA"]
[Date "1997.05.??"]
[Round "5"]
[White "Oppici, Gabriele"]
[Black "Digiugno, Franco"]
[Result "1-0"]
[WhiteElo "2005"]
[BlackElo "2053"]
[PlyCount "71"]
[EventDate "1997.05.15"]

1. Nc3 Nf6 2. e4 d6 3. d4 c6 4. a4 g6 5. Nf3 Bg7 6. h3 O-O 7. Be2 b6 8. O-O Ba6
9. Bxa6 Nxa6 10. Bg5 Nd7 11. Qd2 Re8 12. Rad1 Nc7 13. Rfe1 b5 14. axb5 Nxb5 15.
Ne2 Nb6 16. b3 d5 17. e5 Qd7 18. Bh6 Bh8 19. Nf4 e6 20. Nh5 Qe7 21. Bg5 Qf8 22.
Nf6+ Bxf6 23. exf6 Rec8 24. Bh6 Qd8 25. Qf4 Nd6 26. g4 Ne8 27. Rxe6 Nd7 28.
Rxe8+ Qxe8 29. Re1 Qd8 30. Bg7 c5 31. Re7 Qxe7 32. fxe7 Kxg7 33. Qd6 Nf6 34.
Qe5 h6 35. h4 Kg8 36. Qxf6 1-0

[Event "I Festival A"]
[Site "Salsomaggiore Terme ITA"]
[Date "1997.05.??"]
[Round "5"]
[White "Pipitone, Antonio"]
[Black "Salami, Marco"]
[Result "0-1"]
[WhiteElo "2065"]
[BlackElo "2220"]
[PlyCount "73"]
[EventDate "1997.05.15"]

1. e4 e6 2. d4 d5 3. e5 c5 4. c3 Nc6 5. Nf3 Bd7 6. Be2 Nge7 7. Na3 cxd4 8. cxd4
Ng6 9. Nc2 Be7 10. O-O O-O 11. Bd2 f6 12. exf6 Bxf6 13. Re1 Qb6 14. Bc3 Kh8 15.
Qd2 Be7 16. Bd3 Nf4 17. Bf1 Nh3+ 18. gxh3 Rxf3 19. Bg2 Rf7 20. Re2 Raf8 21. Ne3
Bd6 22. Rae1 Bf4 23. Qd1 Qd8 24. Nf1 Qg5 25. Ng3 Rf6 26. Qd3 h5 27. Bd2 h4 28.
Nf1 Bxd2 29. Qxd2 Rf4 30. Re5 Qg6 31. Qd1 Nxe5 32. Rxe5 Rxf2 33. Rh5+ Kg8 34.
Ne3 Rxb2 35. Qg4 Qxg4 36. hxg4 Rb1+ 37. Nf1 0-1